| 000 | 01060 a2200253 4500 | ||
|---|---|---|---|
| 003 | Nust | ||
| 005 | 20221215104916.0 | ||
| 010 | _a 86005325 | ||
| 020 | _a0198518668 (pbk.) : | ||
| 020 | _a0198518676 (hard) : | ||
| 040 | _cNust | ||
| 082 | 0 | 0 | _a537.622, FRA |
| 100 | 1 |
_aFraser, D. A. _9104915 |
|
| 245 | 1 | 4 |
_aThe physics of semiconductor devices / _cD.A. Fraser. |
| 250 | _a4th ed. | ||
| 260 |
_aOxford [Oxfordshire] : _bClarendon Press ; _aNew York : _bOxford University Press, _c1986. |
||
| 300 |
_ax, 196 p. : _bill. ; _c22 cm. |
||
| 440 | 0 |
_aOxford physics series ; _v16 _9104916 |
|
| 505 | _aElectrons in Solids (Page-1), Bulk Effects (Page-34), P-N Junctions (Page-59), Junction Transistors and Thyristors (Page-93), Surfaces and Interfaces (Page-132), Integrated Circuits (Page-164). | ||
| 650 | 0 |
_aSemiconductors. _911016 |
|
| 856 | 4 | 2 |
_3Publisher description _uhttp://www.loc.gov/catdir/enhancements/fy0636/86005325-d.html |
| 856 | 4 | 2 |
_3Table of contents only _uhttp://www.loc.gov/catdir/enhancements/fy0636/86005325-t.html |
| 942 |
_2ddc _cBK |
||
| 999 |
_c183830 _d183830 |
||